01128nam a2200301Ia 450000500170000000800410001702000190005810000370007724501020011425000390021630000520025549000560030765000440036365000480040765000360045565000340049165000430052570000270056870000410059594200150063626400260065133600270067733700330070433800280073704000350076508400110080099900150081120220317001115.0160825s2009 sp a g 000 0 spa  a978842063690121 aBarrie, James Matthewd1860-193710aPeter PancJ. M. Barrie ; ilustrado por F.D. Bedford ; traducido por Nazareth de Terán Bleiberg a1a. edición b6a. reimpresión  a191 páginas bilustraciones en color c20 cm  aEl libro de bolsillopbiblioteca temática juvenil142LEMBaNovela juvenil inglesa ySiglo XX142LEMBaLiteratura juvenil inglesa ySiglo XX142LEMBaNiños en la literatura 142LEMBaHadas en la literatura 142LEMB aLibros ilustrados para niños 1 aBedford, F. D. 9661911 aTerán Bleiberg, Nazareth de966192 2loccBKLIT aMadridbAlianzac2009 atextobtxt2rdacontent asin mediaciónbn2rdamedia avolumenbnc2rdacarrier aCO-BoRNBPbspaerdacCO-BoRNBP aN BAR5 c5945d5945